| 000 | 01166nam a2200313 a 4500 | ||
|---|---|---|---|
| 001 | 50737 | ||
| 003 | BD-RjUL | ||
| 005 | 20211209075545.0 | ||
| 008 | 160828r19601934nyuca 001 0 eng d | ||
| 035 | _a(BD-RjUL)50857 | ||
| 040 |
_aBD-RjUL _beng _cBD-RjUL _dBD-RjUL |
||
| 041 | _aeng | ||
| 082 |
_223 _a515.723 _bPAF 1960 |
||
| 100 | 1 |
_aPaley, Raymond Edward Alan Christopher, _d1907-1933. _9151902 |
|
| 245 | 1 | 0 |
_aFourier transforms in the complex domain / _cby Raymond E.A.C. Paley and Norbert Wiener |
| 260 |
_aNew York : _bAmerican Mathematical Society, _c1934, [Reprinted 1960] |
||
| 300 |
_aviii, 184 p. : _bill. ; _c26 cm. |
||
| 490 | 1 |
_aColloquium publications (American Mathematical Society) ; _vVol. XIX |
|
| 504 | _aBibliography: p.179-181 & index | ||
| 650 | 0 |
_aFourier series _9138798 |
|
| 650 | 0 |
_aFunctions _9151903 |
|
| 650 | 0 |
_aFunctions _xExponential _9151904 |
|
| 650 | 0 |
_aHarmonic analysis _9151905 |
|
| 650 | 0 |
_aIntegral equations _9151906 |
|
| 700 | 1 |
_aWiener, Norbert, joint author _d1894-1964. _9151907 |
|
| 830 | 0 |
_aColloquium publications (American Mathematical Society) ; _vVol. XIX _9151390 |
|
| 942 |
_2ddc _cBK |
||
| 999 |
_c50737 _d50737 |
||